[Event "IX JUEGOS DEPORTIVOS NACIONALES DE MENORES 2014"]
[Site "CARPUELA, IMBABURA"]
[Date "2014.11.03"]
[Round "6"]
[Board "10"]
[White "Diaz Pabon, Karol Estefania"]
[Black "Granda Castro, Nicole"]
[Result "1-0"]
[WhiteElo "1767"]
[BlackElo "1550"]
[PlyCount "79"]
[EventDate "2014.11.01"]
[EventRounds "7"]
[EventCountry "ECU"]

1. e4 e5 2. Nf3 Nc6 3. Bc4 Nf6 4. Nc3 Be7 5. d3 O-O 6. O-O d6 7. h3 Na5 8. Bd5
c6 9. Bb3 Nxb3 10. axb3 d5 11. exd5 cxd5 12. Nxe5 Qd6 13. Nf3 Re8 14. Re1 Bd7
15. Be3 b6 16. Qd2 Bc6 17. Bf4 Qd7 18. Ne5 Qc8 19. Nxc6 Qxc6 20. Ne2 a5 21. Nd4
Qc5 22. Nf5 Bf8 23. d4 Qc8 24. Rxe8 Nxe8 25. Ne3 Nf6 26. f3 Qd7 27. c3 Re8 28.
Re1 Qb5 29. Qc2 Nh5 30. Be5 Qc6 31. Kf2 Bd6 32. Ng4 Bxe5 33. Nxe5 Qc7 34. Qf5
g6 35. Qd7 Qxd7 36. Nxd7 Rxe1 37. Kxe1 Nf4 38. Nxb6 Nxg2+ 39. Kd2 Nf4 40. h4
 1-0